01019nam a2200217 a 450000100080000000500110000800800410001910000220006024501060008226001410018830000110032952003030034065300090064365300240065265300240067665300240070065300180072465300170074265300230075965300190078221586242023-11-21 2006 bl uuuu u00u1 u #d1 aCAVALCANTE, L. M. aAnálise morfométrica na região sudeste do Acre - avanços em Neotectônica.h[electronic resource] aIn: SIMPÓSIO DO CRETÁCEO DO BRASIL, 7.; SIMPÓSIO DO TERCIÁRIO DO BRASIL, 1., 2006, Serra Negra, SP. Anais... São Paulo: Unespc2006 ap. 38. aO estado do Acre apresenta registros de neotectônica ainda pouco estudados. Por se tratar de uma zona sismologicamente ativa, faz-se mister um detalhamento do quadro neotectônico, principalmente com base na drenagem e relevo. o objetivo deste trabalho foi o de subsidiar a análise de tal quadro. aAcre aAmazonia Occidental aAmazônia Ocidental aGeologia estrutural aNeotectônica aNeotectonics aStructural geology aWestern Amazon